000
00297nam a22001337a 4500
008
170927b xxu||||| |||| 00| 0 eng d
020
_a
9780312195823
041
_a
eng
080
_2
3RD
_a
37
100
_a
47
101
_a
EDU
245
_a
SIGNS OF LIFE IN THE USA
_c
MAASIK,.S
942
_2
udc
_c
BK
999
_c
30268
_d
30268